[Event "Gibraltar Challengers B 2020"]
[Site "Caleta"]
[Date "2020.01.25"]
[Round "1.27"]
[White "Bengherabi, Khalil"]
[Black "Niharika Ch"]
[Result "1-0"]
[WhiteElo "2106"]
[BlackElo "1865"]
[Annotator "TA"]
[PlyCount "95"]
[EventDate "2020.01.20"]
[EventType "swiss"]
[EventCountry "GGB"]
[SourceTitle "playchess.com"]
[Source "ChessBase"]
[SourceQuality "1"]

{[%evp 19,95,32,32,27,37,37,35,33,30,24,35,20,58,13,25,34,31,6,1,0,0,0,0,0,0,0,57,5,22,0,0,0,14,1,12,3,9,0,12,0,39,0,28,3,12,0,0,-31,-32,-25,-25,-21,0,0,0,0,0,0,52,0,0,0,0,0,6,0,0,0,0,0,0,0,187,183,181,177,1419,1199]} 1. e4 c5 2. Nf3 d6 3. d4 cxd4 4. Nxd4 Nf6 5. Nc3 a6 6. g3 e6 7. Bg2 Qc7 8. O-O Be7 9. Be3 Nc6 10. Nxc6 bxc6 11. Na4 {B80: Sicilian Scheveningen: 6 g3 and 6 Be3, including English Attack} Rb8 12. c4 c5 13. b3 {White is slightly better.} O-O 14. Nc3 Bb7 15. g4 {[#]} Rbd8 $146 ({Predecessor:} 15... Nd7 16. Rc1 Rbe8 17. f4 Qb8 18. g5 f5 {0-1 (29) Dragnev,V (2466)-Volokitin,A (2623) Germany 2017}) 16. g5 Ne8 $1 17. f4 f5 18. Qc2 g6 19. Rad1 Ng7 20. Bc1 fxe4 21. Bxe4 Nf5 22. Qg2 Rb8 (22... d5 $11 23. cxd5 c4) 23. Bxb7 (23. Rde1 $14) 23... Qxb7 $11 24. Qxb7 Rxb7 25. Rfe1 Nd4 26. Kg2 Rf5 27. Ne4 Rf8 28. Nc3 Bd8 29. Ne4 Be7 30. Nc3 Rd7 31. Re4 Rf5 32. Be3 d5 33. cxd5 exd5 34. Re5 Rxe5 35. fxe5 Nf5 36. Bf4 d4 37. Ne4 Kf7 38. Rc1 Ne3+ ({Better is} 38... Rd5 $11) 39. Bxe3 (39. Kf3 $14) 39... dxe3 $14 {[%mdl 4096] Endgame KRB-KRN} 40. Kf3 Rd5 41. Kxe3 Rxe5 42. Kf4 Rf5+ 43. Kg4 Ke6 44. h4 Re5 45. Rc4 h5+ $2 (45... Rd5 $11 {and Black stays safe.}) 46. gxh6 $18 {Hoping for Ng5+.} Rh5 {[#]} 47. Ng5+ $1 Ke5 $2 (47... Kd5 48. h7 a5) 48. Re4+ {Accuracy: White = 53%, Black = 54%.} 1-0

[Event "Gibraltar Challengers B 2020"]
[Site "Caleta"]
[Date "2020.01.25"]
[Round "1.28"]
[White "Auvinen, Esa"]
[Black "Havik, Victor"]
[Result "0-1"]
[WhiteElo "1850"]
[BlackElo "2101"]
[Annotator "TA"]
[PlyCount "85"]
[EventDate "2020.01.20"]
[EventType "swiss"]
[EventCountry "GGB"]
[SourceTitle "playchess.com"]
[Source "ChessBase"]
[SourceQuality "1"]

{[%evp 18,85,0,-1,3,0,16,0,8,-25,0,-23,-4,-43,-14,-76,-44,-37,-18,-46,0,-35,-37,-37,-35,-25,-22,-25,-22,-27,-24,-22,-10,-17,0,0,31,-66,-74,-77,-71,-115,-70,-91,-83,-83,-83,-75,-27,-83,-72,-80,-80,-76,-77,-198,-194,-207,-202,-261,-262,-908,-891,-29982,-29983,-29983,-29984,-29983,-29984,-29997]} 1. e4 c5 2. Nf3 d6 3. d4 cxd4 4. Nxd4 Nf6 5. Nc3 a6 6. Bc4 e6 7. Bb3 Be7 8. O-O O-O 9. Be3 b5 10. f3 Qc7 {B87: Sicilian Scheveningen/Najdorf: 6 Bc4, with early ...b5} (10... Bd7 11. Qd2 Nc6 12. Nxc6 Bxc6 13. Ne2 Qc7 14. Nd4 Bb7 15. Bxe6 fxe6 16. Nxe6 Qc6 17. Nxf8 Rxf8 18. a4 bxa4 {½-½ (69) Zhak,B (2597)-Freeman,M (2513) ICCF email 2015}) 11. Qd2 Re8 12. Rad1 $146 ({Predecessor:} 12. a4 b4 13. Na2 a5 14. Nb5 Qc6 15. c3 Ba6 16. Rfc1 Bxb5 17. cxb4 Qb7 18. axb5 {½-½ (44) Dehaybe,A (2054)-Pott,B (1651) LSS email 2011}) 12... Nbd7 {The position is equal.} 13. Rfe1 Nc5 14. Bf2 Bb7 15. Be3 Rad8 16. Qf2 (16. a3 $11 {remains equal.}) 16... Nxb3 17. Nxb3 Nd7 18. Rd2 Nc5 19. Nxc5 dxc5 20. Red1 Rxd2 21. Rxd2 Rc8 22. Ne2 Rd8 23. Rxd8+ Qxd8 24. Qe1 b4 25. Qd2 Qc7 26. c3 a5 {[%cal Ba6a5,Ba5b4][%mdl 32]} 27. cxb4 (27. c4 $14) 27... axb4 $15 28. b3 Ba6 29. Bf4 Qc6 30. Qc2 f6 31. Be3 Kf7 32. Kf2 Bd6 33. g3 (33. e5 $11 {keeps the balance.} Bxe5 34. Qxc5) 33... Qb5 34. Ke1 g6 35. Kf2 f5 36. Bc1 {[#]} (36. exf5 $17 gxf5 37. Bg5) 36... c4 $1 $19 37. exf5 gxf5 38. Be3 c3 39. h3 $2 (39. Qd1) 39... Bc5 {Threatens to win with ...Bxe3+.} 40. Bxc5 Qxc5+ {Black mates.} 41. Ke1 Qe3 42. Qd1 Bd3 43. Qd2 {Accuracy: White = 20%, Black = 42%.} 0-1

[Event "Gibraltar Challengers B 2020"]
[Site "Caleta"]
[Date "2020.01.25"]
[Round "1.30"]
[White "Erdogan, Hassan"]
[Black "Lopez Gonzalez, Alfonso"]
[Result "0-1"]
[WhiteElo "1830"]
[BlackElo "2199"]
[Annotator "TA"]
[PlyCount "65"]
[EventDate "2020.01.20"]
[EventType "swiss"]
[EventCountry "GGB"]
[SourceTitle "playchess.com"]
[Source "ChessBase"]
[SourceQuality "1"]

{[%evp 13,65,21,17,0,0,0,0,0,0,0,10,12,5,10,3,0,10,0,0,-16,5,5,5,5,5,0,15,0,0,-8,29,18,71,16,20,41,22,0,18,16,31,25,20,4,4,4,4,2,3,0,24,0,0,-16]} 1. d4 d5 2. Nf3 Nf6 3. e3 e6 4. Bd3 c5 5. c3 Nc6 6. Nbd2 Qc7 7. O-O Be7 8. Qe2 {D05: Colle System with ...e6} (8. dxc5 Bxc5 9. b4 Be7 10. Bb2 O-O 11. a3 a6 12. c4 dxc4 13. Nxc4 b5 14. Ncd2 Bb7 15. Rc1 Rac8 {0-1 (47) Cifuentes Parada,R (2469)-Ibarra Jerez,J (2561) La Roda 2016}) 8... b6 9. b3 Bb7 10. Bb2 O-O 11. Rac1 e5 $146 ({Predecessor:} 11... Rac8 12. c4 dxc4 13. bxc4 Rcd8 14. h3 h6 15. Rfd1 Rfe8 16. Nb3 Nb4 17. Bb1 Ne4 18. Bxe4 {½-½ (18) Archangelsky,M (2043)-Hardicsay,P (2223) Bled 2018}) 12. dxe5 Nxe5 13. Nxe5 Qxe5 14. Nf3 Qh5 15. Ba6 Bc6 16. Bb5 Rac8 17. Bxc6 Rxc6 18. c4 Rd8 19. Rfe1 Re6 20. cxd5 Nxd5 {White should prevent ...Nf4!} 21. Rcd1 Bd6 22. Qc4 Rg6 (22... Nb4 $11 {remains equal.}) 23. Qh4 (23. Kh1 $16 Be7 24. Be5) 23... Qxh4 $11 24. Nxh4 Re6 $1 25. Nf5 Be5 (25... g6 $5 {[%cal Rg6f5]} 26. Rxd5 Bxh2+ 27. Kxh2 Rxd5 $11) 26. Bxe5 Rxe5 27. e4 {[#] And now f4 would win.} Rde8 $1 28. f3 {Strongly threatening Nd6.} Nc3 29. Rd7 Rxf5 30. Re3 {[#]} Nxe4 $1 31. Rxe4 {[%cal Re4e8]} Ra8 32. Ree7 a5 33. Rb7 {[%mdl 32768] Accuracy: White = 35%, Black = 44%. . Loss on time!?} 0-1

[Event "Gibraltar Challengers B 2020"]
[Site "Caleta"]
[Date "2020.01.25"]
[Round "1.31"]
[White "Schouten, Freek"]
[Black "Garcia-Blazquez Perez, Manuel"]
[Result "1-0"]
[WhiteElo "2084"]
[BlackElo "1825"]
[Annotator "NA RC"]
[PlyCount "133"]
[EventDate "2020.01.20"]
[EventType "swiss"]
[EventCountry "GGB"]
[SourceTitle "playchess.com"]
[Source "ChessBase"]
[SourceQuality "1"]
[TimeControl "6600+10"]

1. d4 {[%emt 0:00:00]} f5 {[%emt 0:00:00]} 2. Bg5 {[%emt 0:00:02]} h6 {[%emt 0:00:01]} 3. Bf4 {[%emt 0:03:22]} Nf6 {[%emt 0:00:19]} 4. e3 {[%emt 0:00:18]} d6 {[%emt 0:00:29]} 5. c4 {[%emt 0:02:34]} (5. h3 g5 6. Bh2 e6 7. c4 Bg7 8. Nc3 O-O 9. Qc2 Nc6 10. Nf3 Qe8 11. d5 Nb4 12. Qb3 {1-0 (46) Kazakovskiy,V (2485)-Piorun,K (2611) Moscow 2019}) 5... g5 {[%emt 0:00:05]} 6. Bg3 {[%emt 0:00:05] A80: Dutch Defence: Unusual White second moves} Bg7 {[%emt 0:00:03]} 7. h4 {[%emt 0:00:47]} e6 $146 {[%emt 0:04:23]} ({Better is} 7... c5 $11) ({Predecessor:} 7... g4 8. Nc3 Nc6 9. d5 Ne5 10. Qa4+ Bd7 11. Qb3 Qc8 12. O-O-O c5 13. Nge2 Ne4 14. Nxe4 fxe4 {1-0 (39) Gitsis,H (2044)-Efentakis,N (1791) Athens 2010}) 8. hxg5 {[%emt 0:02:55]} hxg5 {[%emt 0:00:02]} 9. Rxh8+ {[%emt 0:00:08]} Bxh8 {[%emt 0:00:08]} 10. Nc3 {[%emt 0:00:22]} Nc6 {[%emt 0:00:24]} (10... Bg7 $14) 11. Nh3 {[%emt 0:06:30]} g4 {[%emt 0:00:05] [#]} 12. Nf4 $1 {[%emt 0:00:46]} Qe7 {[%emt 0:00:18]} 13. Qd2 {[%emt 0:01:46]} (13. Qb3 $16) 13... Bd7 {[%emt 0:00:08]} 14. d5 {[%emt 0:07:38]} Ne5 {[%emt 0:04:30]} 15. O-O-O {[%emt 0:01:56]} O-O-O {[%emt 0:00:14]} 16. Kb1 {[%emt 0:03:38]} Nf7 {[%emt 0:04:32]} 17. dxe6 {[%emt 0:08:22]} Bxe6 {[%emt 0:00:09]} 18. Bh4 {[%emt 0:04:54]} Ne5 {[%emt 0:19:30]} 19. Ncd5 {[%emt 0:00:40]} Bxd5 $1 {[%emt 0:00:06]} 20. cxd5 {[%emt 0:01:38]} Qh7 {[%emt 0:02:04]} ({Better is} 20... Kb8) 21. Bxf6 {[%emt 0:05:34]} Bxf6 {[%emt 0:00:09]} 22. Ne6 {[%emt 0:00:20]} f4+ {[%emt 0:09:42]} 23. Qc2 {[%emt 0:03:35]} Qxc2+ {[%emt 0:05:14]} 24. Kxc2 {[%emt 0:00:01]} Rh8 {[%emt 0:00:11]} 25. exf4 {[%emt 0:07:24]} Nf7 {[%emt 0:05:27]} 26. b3 {[%emt 0:14:27]} Rh2 {[%emt 0:00:08]} 27. Kd3 {[%emt 0:01:00]} Bh4 {[%emt 0:13:50]} 28. g3 {[%emt 0:03:04]} Bf6 {[%emt 0:00:05]} 29. Rd2 {[%emt 0:01:20]} (29. Be2 $18) 29... Nh6 {[%emt 0:04:26]} 30. Ke4 {[%emt 0:02:01]} Kd7 {[%emt 0:00:53]} 31. Nd4 {[%emt 0:08:29]} c6 {[%emt 0:01:34]} 32. Bc4 {[%emt 0:01:18]} Bxd4 {[%emt 0:13:24]} 33. Kxd4 {[%emt 0:00:08]} Nf5+ {[%emt 0:00:05]} 34. Kc3 {[%emt 0:00:17]} c5 {[%emt 0:00:22]} 35. Be2 {[%emt 0:00:57]} Nh6 {[%emt 0:01:32]} 36. Bd1 {[%emt 0:00:23]} b5 {[%emt 0:00:34]} 37. Kd3 {[%emt 0:03:22]} Rh1 {[%emt 0:01:05]} 38. a4 {[%emt 0:00:24]} a6 {[%emt 0:00:36]} 39. axb5 {[%emt 0:01:08]} axb5 {[%emt 0:00:01] [#]} 40. Kc2 {[%emt 0:00:52]} ({Better is} 40. Be2 $1 $18) 40... Rh5 {[%emt 0:02:01]} 41. Be2 {[%emt 0:00:37]} b4 {[%emt 0:00:07]} 42. Bd3 {[%emt 0:01:02]} ({White should play} 42. Rd1 $14) 42... Kc7 {[%emt 0:02:57]} 43. Bg6 {[%emt 0:00:07]} Rh2 {[%emt 0:00:18]} 44. Re2 {[%emt 0:00:16]} Kb6 {[%emt 0:01:32]} 45. Kd3 {[%emt 0:00:17]} Ng8 {[%emt 0:00:45]} 46. Re6 {[%emt 0:01:35]} Rxf2 {[%emt 0:02:20]} 47. Bf7 $18 {[%emt 0:00:33]} (47. Rxd6+ $142 Kc7 48. Rc6+ {[%mdl 64] Double Attack} Kb7 49. Be4) 47... Rf3+ {[%emt 0:00:17]} 48. Kc2 {[%emt 0:01:01]} Ne7 {[%emt 0:01:36]} 49. Rxe7 {[%emt 0:00:16]} Rxg3 {[%emt 0:00:31]} 50. Rd7 {[%emt 0:00:44]} Rg2+ {[%emt 0:05:04]} 51. Kc1 {[%emt 0:00:02]} Rg1+ {[%emt 0:00:08]} 52. Kd2 {[%emt 0:00:09]} Rg2+ {[%emt 0:00:14]} 53. Ke1 {[%emt 0:00:18]} Rb2 {[%emt 0:00:05]} 54. Rxd6+ {[%emt 0:00:07]} Kb7 {[%emt 0:00:25]} 55. Rc6 {[%emt 0:02:04]} g3 {[%emt 0:00:06]} 56. Kf1 {[%emt 0:01:55]} Rxb3 {[%emt 0:00:03]} 57. Rxc5 {[%emt 0:00:53]} Rf3+ {[%emt 0:00:02]} 58. Kg2 {[%emt 0:00:01]} Rxf4 {[%emt 0:00:02]} 59. Be6 {[%emt 0:00:20]} Kb6 {[%emt 0:01:06]} 60. Rc8 {[%emt 0:00:10]} Kb5 {[%emt 0:00:28]} 61. Kxg3 {[%emt 0:00:04]} Rf6 {[%emt 0:00:25]} 62. Kg4 {[%emt 0:00:10]} b3 {[%emt 0:00:09]} 63. Kg5 {[%emt 0:00:07]} Rf1 {[%emt 0:00:21]} 64. d6 {[%emt 0:01:00]} b2 {[%emt 0:00:13]} 65. d7 {[%emt 0:00:39]} Rd1 {[%emt 0:00:39]} 66. d8=Q {[%emt 0:00:13]} Rxd8 {[%emt 0:00:10]} 67. Rxd8 {[%emt 0:00:02]} 1-0

[Event "Gibraltar Challengers B 2020"]
[Site "Caleta"]
[Date "2020.01.25"]
[Round "1.32"]
[White "Olufemi, George"]
[Black "Stolniceanu, Victor-Dumitru"]
[Result "0-1"]
[WhiteElo "1803"]
[BlackElo "2074"]
[Annotator "NA RC"]
[PlyCount "98"]
[EventDate "2020.01.20"]
[EventType "swiss"]
[EventCountry "GGB"]
[SourceTitle "playchess.com"]
[Source "ChessBase"]
[SourceQuality "1"]
[TimeControl "6600+10"]

{[%evp 12,96,22,32767,32767,-76,-70,32767,32767,32767,32767,32767,32767,32767,-204,32767,32767,-143,-152,32767,32767,-161,32767,32767,32767,-97,-100,-112,32767,32767,32767,-163,32767,-197,-150,-142,-142,-144,32767,-160,32767,32767,32767,-189,-163,-155,25,-125,51,39,50,32767,32767,34,42,0,0,-47,-43,-34,0,-8,37,32767,28,0,356,32767,32767,401,32767,32767,214,154,140,32767,32767,32767,32767,32767,32767,-438,-176,-577,32767,32767,-911]} 1. e4 {[%emt 0:00:03]} e5 {[%emt 0:00:00]} 2. Nf3 {[%emt 0:00:22]} Nc6 {[%emt 0:00:08]} 3. d4 {[%emt 0:00:10]} exd4 {[%emt 0:04:23]} 4. Bc4 {[%emt 0:00:37]} Bb4+ {[%emt 0:00:30]} 5. c3 {[%emt 0:00:51]} dxc3 {[%emt 0:00:07]} 6. O-O {[%emt 0:00:13]} d6 {[%emt 0:00:23]} 7. bxc3 {[%emt 0:02:06] C44: Ponziani Opening and Scotch Gambit} Bc5 {[%emt 0:00:08]} 8. Nbd2 {[%emt 0:16:38]} (8. Qb3 Qe7 9. Bg5 Nf6 10. e5 dxe5 11. Nbd2 O-O 12. Ne4 Bb6 13. Qb1 Bf5 14. Nfd2 h6 15. Bxf6 gxf6 {0-1 (33) Rodi,L (2314)-Limp,E (2359) Rio de Janeiro 2018}) 8... Nf6 {[%emt 0:00:47]} 9. Nb3 {[%emt 0:03:03]} Bb6 {[%emt 0:00:28]} 10. a4 {[%emt 0:00:56]} a5 {[%emt 0:01:06]} 11. Ba3 $146 {[%emt 0:04:37]} ({Predecessor:} 11. Nbd4 Ne5 12. Nxe5 dxe5 13. Bb5+ Bd7 14. Nf5 Bxb5 15. Nxg7+ Kf8 16. Bh6 Qxd1 17. Nf5+ Ke8 18. Ng7+ Ke7 19. Nf5+ Ke6 20. Ng7+ Kd7 21. axb5 {½-½ (21) Ospina Ocampo,C (1918)-Roa Ribera,A (1688) Badalona 2017}) 11... Bg4 {[%emt 0:00:21]} 12. Qc2 {[%emt 0:02:38] [#]} Bxf3 $1 {[%emt 0:01:41]} 13. gxf3 {[%emt 0:00:05]} Ne5 {[%emt 0:00:26]} 14. Be2 {[%emt 0:01:37]} Nh5 {[%emt 0:00:10]} 15. Nd4 {[%emt 0:01:51]} Nf4 {[%emt 0:00:45]} 16. Kh1 {[%emt 0:00:16]} Qh4 {[%emt 0:00:35]} 17. Rg1 {[%emt 0:00:12]} O-O {[%emt 0:00:40]} 18. Rg3 {[%emt 0:01:32]} g6 {[%emt 0:00:36]} 19. Qd2 {[%emt 0:11:33]} Kh8 {[%emt 0:02:10]} 20. Rb1 {[%emt 0:04:23]} Rad8 {[%emt 0:00:19]} 21. Bb2 {[%emt 0:02:35]} (21. Bc1 $17 g5 22. Qa2) 21... Nh5 {[%emt 0:00:28]} 22. Kg2 {[%emt 0:07:30]} Nxg3 {[%emt 0:01:56]} 23. hxg3 {[%emt 0:00:18] [#]} Qe7 $1 {[%emt 0:00:34]} 24. Rh1 {[%emt 0:01:24]} Rg8 {[%emt 0:04:31]} 25. Qh6 {[%emt 0:04:15]} Rg7 {[%emt 0:00:38]} 26. c4 {[%emt 0:01:23]} f6 {[%emt 0:00:22]} 27. Qd2 {[%emt 0:07:57]} Qd7 {[%emt 0:00:52]} 28. f4 {[%emt 0:02:14]} Nf7 $2 {[%emt 0:00:18]} ({Black should play} 28... Qe7 $19 29. f3 Nd7) 29. Rh4 $2 {[%emt 0:02:47] [#]} (29. Qc3 $11) 29... Rf8 $2 {[%emt 0:00:23]} (29... Qe7 $1 $17 30. Nf3 Rf8) 30. Bg4 {[%emt 0:01:22]} Qe7 $1 {[%emt 0:03:05]} ({Avoid the trap} 30... Qxa4 $2 31. Ne6 $18 {[%mdl 64] Double Attack}) 31. Ne6 {[%emt 0:03:45]} Nd8 {[%emt 0:00:12]} 32. Nxg7 {[%emt 0:03:15]} ({White must play} 32. Nxf8 $16 Qxf8 33. f5) 32... Kxg7 {[%emt 0:00:14]} 33. f5 {[%emt 0:01:10]} (33. Bf3 $5 {[%cal Re4e5]}) 33... Nf7 $1 {[%emt 0:01:03]} 34. Bf3 {[%emt 0:05:00]} g5 {[%emt 0:00:17]} 35. Rh1 {[%emt 0:02:39]} h6 {[%emt 0:00:24]} 36. Re1 {[%emt 0:00:23]} Qd7 {[%emt 0:00:12]} 37. Bd1 {[%emt 0:00:38]} Qc6 {[%emt 0:00:19]} 38. Qe2 {[%emt 0:03:27]} Re8 $2 {[%emt 0:00:15]} (38... Qc5 $11) 39. Qh5 {[%emt 0:00:35]} Nh8 {[%emt 0:04:08]} 40. Bxf6+ {[%emt 0:01:34]} (40. Rh1 $142 Qxe4+ 41. f3 Qxf5 42. Qxe8) 40... Kxf6 {[%emt 0:00:23]} 41. Qxh6+ {[%emt 0:00:03]} Ke7 {[%emt 0:01:24]} 42. f6+ {[%emt 0:02:27]} Kd8 {[%emt 0:00:16]} 43. f7 {[%emt 0:00:27]} Nxf7 {[%emt 0:00:34]} 44. Qf6+ {[%emt 0:00:21]} Re7 {[%emt 0:00:34]} 45. Bh5 {[%emt 0:01:00]} Qxc4 {[%emt 0:00:14]} 46. e5 {[%emt 0:01:37]} Qe6 $2 {[%emt 0:00:02]} (46... dxe5 47. Qf5 Bd4) 47. Qf3 $2 {[%emt 0:01:24]} (47. Qxe6 Rxe6 48. Bxf7 Rxe5 49. Rxe5 dxe5 50. Bg6) 47... Nxe5 {[%emt 0:00:58]} 48. Qxb7 {[%emt 0:00:09]} g4 $19 {[%emt 0:01:04]} 49. Rc1 {[%emt 0:01:26]} Qf5 {[%emt 0:00:29]} 0-1

[Event "Gibraltar Challengers B 2020"]
[Site "Caleta"]
[Date "2020.01.25"]
[Round "1.33"]
[White "Hamer, Martyn"]
[Black "Kunnavakkam, Sudarshanagopal Vin"]
[Result "1-0"]
[WhiteElo "2069"]
[BlackElo "1786"]
[Annotator "NA RC"]
[PlyCount "135"]
[EventDate "2020.01.20"]
[EventType "swiss"]
[EventCountry "GGB"]
[SourceTitle "playchess.com"]
[Source "ChessBase"]
[SourceQuality "1"]
[TimeControl "6600+10"]

1. d4 {[%emt 0:28:48]} c5 {[%emt 0:01:31]} 2. d5 {[%emt 0:00:08]} e6 {[%emt 0:00:55]} 3. e4 {[%emt 0:00:23]} d6 {[%emt 0:00:14]} 4. Nc3 {[%emt 0:00:48]} Nf6 {[%emt 0:00:47]} 5. Nf3 {[%emt 0:01:49]} g6 {[%emt 0:02:50]} (5... exd5 6. exd5 Be7 7. h3 O-O 8. Bc4 Na6 9. O-O Nc7 10. Bf4 a6 11. a4 b6 12. Re1 Re8 13. g4 Rb8 14. Bh2 b5 15. axb5 axb5 {0-1 (59) Swayams,M (2479)-Wadsworth,M (2401) Hastings 2020}) 6. Bg5 {[%emt 0:02:30] A43: Schmid Benoni} Bg7 {[%emt 0:00:50]} (6... e5 $16) 7. Bb5+ {[%emt 0:04:09]} Kf8 {[%emt 0:02:07] [#]} 8. a4 $2 $146 {[%emt 0:02:19]} ({White has to play} 8. dxe6 $1 $18 h6 9. Bh4) ({Predecessor:} 8. O-O h6 9. Be3 e5 10. a4 Nh5 11. Nd2 Nf4 12. Bxf4 exf4 13. Qf3 {0-1 (28) Colter,N (1731)-Watson,D (1775) High Wycombe 2013}) 8... h6 {[%emt 0:04:45]} 9. Bh4 {[%emt 0:01:49]} a6 {[%emt 0:09:35]} 10. Be2 {[%emt 0:01:28]} e5 {[%emt 0:04:18]} (10... exd5 $14 11. exd5 g5) 11. Nd2 {[%emt 0:02:55]} Kg8 {[%emt 0:01:41]} 12. Nc4 {[%emt 0:01:31]} b6 {[%emt 0:02:16]} 13. Bg3 {[%emt 0:02:52]} (13. Qd2 $142) 13... Kh7 {[%emt 0:02:11]} 14. f4 {[%emt 0:02:20]} exf4 {[%emt 0:02:53]} 15. Bxf4 {[%emt 0:01:41]} Ne8 {[%emt 0:04:37]} 16. O-O {[%emt 0:02:40]} Ra7 {[%emt 0:02:05]} 17. e5 {[%emt 0:12:20]} (17. Ra3 $16) 17... dxe5 {[%emt 0:11:37]} 18. Nxe5 {[%emt 0:00:37]} Nd6 {[%emt 0:01:41]} 19. Nc6 {[%emt 0:04:50]} Nxc6 {[%emt 0:01:34]} 20. dxc6 {[%emt 0:00:07]} Bd4+ {[%emt 0:06:06]} 21. Kh1 {[%emt 0:00:36]} Bf5 {[%emt 0:03:31]} 22. Bf3 {[%emt 0:05:30]} Nc4 {[%emt 0:07:05]} (22... Be6 $16 {keeps fighting.}) 23. Nd5 {[%emt 0:07:11]} Nxb2 {[%emt 0:05:33]} 24. Qc1 {[%emt 0:06:25]} Be6 {[%emt 0:01:14]} 25. c7 {[%emt 0:01:58]} Qf8 {[%emt 0:03:30]} 26. Nxb6 {[%emt 0:02:05]} Qg7 {[%emt 0:01:19]} 27. Re1 {[%emt 0:05:24]} (27. Bd5 $18) 27... Nc4 {[%emt 0:08:20]} 28. Rxe6 {[%emt 0:10:17]} fxe6 {[%emt 0:00:36]} 29. c8=Q {[%emt 0:02:01]} Rxc8 {[%emt 0:00:13]} 30. Nxc8 {[%emt 0:00:05]} Rf7 {[%emt 0:00:06]} 31. Rb1 {[%emt 0:01:47]} Bb2 {[%emt 0:00:11]} 32. Rxb2 {[%emt 0:02:42]} Qxb2 {[%emt 0:01:15]} 33. Qxb2 {[%emt 0:03:22]} Nxb2 {[%emt 0:00:12]} 34. Be5 {[%emt 0:00:39]} Nc4 {[%emt 0:02:12]} 35. Bg3 {[%emt 0:02:21]} Nd2 {[%emt 0:07:03]} 36. Nd6 {[%emt 0:02:25]} Rf8 {[%emt 0:00:08]} 37. Be2 {[%emt 0:00:58]} Rb8 {[%emt 0:00:27]} 38. Kg1 {[%emt 0:00:43]} Rb4 {[%emt 0:01:34]} 39. Bxa6 {[%emt 0:03:34]} Rxa4 {[%emt 0:00:50]} 40. Bb5 {[%emt 0:00:09]} ({White should play} 40. Be2 $16) 40... Rb4 $16 {[%emt 0:00:59]} (40... Ra1+ $1 $14 41. Kf2 Ra2) 41. Bd7 {[%emt 0:02:41]} Ne4 {[%emt 0:00:55]} 42. Nxe4 {[%emt 0:00:07]} Rxe4 {[%emt 0:00:10]} 43. Kf2 {[%emt 0:00:35]} Rc4 {[%emt 0:00:55]} 44. Bxe6 {[%emt 0:00:07]} Rxc2+ 45. Kf3 {[%emt 0:00:10]} c4 {[%emt 0:00:11]} 46. Bd5 {[%emt 0:01:15]} Rc1 {[%emt 0:00:44]} 47. Ke3 {[%emt 0:00:32]} c3 {[%emt 0:00:20]} 48. Bf3 {[%emt 0:00:22]} Rb1 {[%emt 0:00:41]} 49. Kd3 {[%emt 0:00:06]} Rb3 {[%emt 0:00:10]} 50. Be5 {[%emt 0:00:21]} Rb6 {[%emt 0:00:20]} 51. Kxc3 {[%emt 0:00:13]} Re6 {[%emt 0:00:03]} 52. Kd4 {[%emt 0:00:04]} Ra6 {[%emt 0:00:09]} 53. Kd5 {[%emt 0:00:09]} Ra5+ 54. Ke6 {[%emt 0:00:08]} Ra6+ {[%emt 0:00:01]} 55. Bd6 {[%emt 0:00:09]} Kg7 {[%emt 0:00:01]} 56. Bd5 {[%emt 0:00:27]} Rb6 {[%emt 0:00:13]} 57. Ke7 {[%emt 0:00:08]} Rb5 {[%emt 0:00:35]} 58. Bc6 {[%emt 0:00:33]} Rf5 {[%emt 0:00:09]} 59. g4 {[%emt 0:00:24]} Rf2 {[%emt 0:00:12]} 60. Be5+ {[%emt 0:00:12]} Kh7 {[%emt 0:00:16]} 61. h4 {[%emt 0:00:10]} h5 {[%emt 0:00:10]} 62. g5 {[%emt 0:00:25]} Re2 {[%emt 0:00:10]} 63. Ke6 {[%emt 0:00:13]} Re3 {[%emt 0:00:06]} 64. Bg2 {[%emt 0:00:31]} Re2 {[%emt 0:00:01]} 65. Bf1 {[%emt 0:00:27]} Re4 {[%emt 0:00:08]} 66. Bd3 {[%emt 0:00:17]} Re3 {[%emt 0:00:09]} 67. Bc2 {[%emt 0:00:16]} Rh3 {[%emt 0:00:07]} 68. Kf7 {[%emt 0:00:07]} 1-0